Comparación del comportamiento ante carga lateral cíclica de un muro convencional y un muro híbrido de concreto
Na minha lista:
| Autor principal: | |
|---|---|
| Formato: | Livro |
| Publicado em: |
[San José], Costa Rica
2007
|
| Assuntos: | |
| Tags: |
Adicionar Tag
Sem tags, seja o primeiro a adicionar uma tag!
|
MARC
| LEADER | 00000nam a2200000Ia 4500 | ||
|---|---|---|---|
| 003 | 009952 | ||
| 005 | 20221231144107.0 | ||
| 008 | 140114s2007 cr a 000 ||s d | ||
| 040 | |c cru CEDI | ||
| 090 | |a TFG 5481 | ||
| 100 | |a Urena Muñoz, Daniel |9 4811 | ||
| 245 | |a Comparación del comportamiento ante carga lateral cíclica de un muro convencional y un muro híbrido de concreto | ||
| 260 | |c 2007 |b [San José], Costa Rica | ||
| 300 | |a xii, 115 hojas; ilustraciones (algunas a color) | ||
| 500 | |a Tesis (magíster scientiae en ingeniería civil con énfasis en estructuras)--Universidad de Costa Rica. Sistema de Estudios de Posgrado | ||
| 650 | |x ANALISIS ESTRUCTURAL (INGENIERIA) |x MARCOS ESTRUCTURALES |x DISEÑO DE ESTRUCTURAS |x DUCTILIDAD |x JUNTAS (COMPONENTES ESTRUCTURALES) |x INVESTIGACIONES |x MUROS DE HORMIGON |9 4812 | ||
| 942 | |c TFG | ||
| 999 | |c 16796 |d 16796 | ||
